000 00951nam a2200217Ia 4500
999 _c49975
_d49975
001 16911
003 GE_BSU
005 20221220122142.0
008 181216s1962ge xx |||||||||||||| ||geo||
040 _cGE_BSU
041 _ageo
080 _a821.353.3+821.353.1-94 დ-14
100 _aდადიანი, შალვა
_916510
245 _aრჩეული თხზულებანი : 5 ტომად.
_bტ. 5 : [მოგონებები, წერილები] /
_c შალვა დადიანი, რედ. კოლ.: ბ. ჟღენტი და სხვა
264 _aთბილისი :
_bსაბჭ. საქართველო,
_c1962.
300 _a371 გვ.:
_b22 სმ.
653 _aთხზულებები
653 _aმოგონებები, წერილები
700 _a ჟღენტი, ბ
_eრედაქტორი
_916511
942 _cBK
_2udc